[Event "Madrid 2022-2023 ch - Previa A"]
[Site "Madrid ESP"]
[Date "2023.02.15"]
[Round "6.20"]
[White "Galarreta Santana, Javier"]
[Black "Metola Arias, Mario"]
[Result "1-0"]
[WhiteElo "1739"]
[BlackElo "1498"]
[PlyCount "125"]
[EventDate "2023.02.06"]
[EventType "swiss"]
[EventRounds "9"]
[EventCountry "ESP"]
[SourceTitle "Ajedrez en Madrid"]
[Source "lmi"]
[SourceDate "2023.02.06"]
[SourceVersion "1"]
[SourceVersionDate "2023.03.03"]
[SourceQuality "1"]

1. e4 c6 2. d4 d5 3. f3 Nd7 4. Nc3 e6 5. Bd3 Bb4 6. Bd2 c5 7. dxc5 Nxc5 8. a3
Nxd3+ 9. cxd3 Bxc3 10. Bxc3 Nf6 11. Ne2 dxe4 12. fxe4 Bd7 13. O-O Bb5 14. Nd4
Bd7 15. Rf3 e5 16. Nf5 Qb6+ 17. Kh1 Bxf5 18. Rxf5 O-O-O 19. Rc1 Kd7 20. Bxe5
Rc8 21. Bc3 h5 22. Qa4+ Rc6 23. Rcf1 Kc8 24. Bd4 Qa6 25. Qxa6 Rxa6 26. Bxf6
gxf6 27. Rxf6 Rd8 28. Rxa6 bxa6 29. Rf3 Rd7 30. g3 Rc7 31. Kg2 Rb7 32. Rf2 Rb3
33. Rd2 Kd7 34. Kf3 Ke6 35. Kf4 f6 36. d4 Ke7 37. e5 fxe5+ 38. Kxe5 Rf3 39. d5
Kd7 40. Ke4 Rf1 41. d6 Rf8 42. Ke3 Rf5 43. h4 Rb5 44. b4 a5 45. Rd4 axb4 46.
axb4 a5 47. bxa5 Rxa5 48. Kf4 Ra3 49. g4 hxg4 50. Kxg4 Ra1 51. h5 Rg1+ 52. Kf5
Rh1 53. Kg6 Rg1+ 54. Kh7 Rg5 55. Kh6 Rg8 56. Kh7 Rg5 57. h6 Rg1 58. Kh8 Rg6 59.
h7 Rg5 60. Rf4 Kxd6 61. Rf8 Ke7 62. Rg8 Rh5 63. Kg7 1-0

[Event "Madrid 2022-2023 ch - Previa A"]
[Site "Madrid ESP"]
[Date "2023.02.15"]
[Round "6.21"]
[White "Guardiola Sevilla, Antonio"]
[Black "Mejias Gonzalez, Pedro"]
[Result "0-1"]
[WhiteElo "1716"]
[BlackElo "1489"]
[PlyCount "98"]
[EventDate "2023.02.06"]
[EventType "swiss"]
[EventRounds "9"]
[EventCountry "ESP"]
[SourceTitle "Ajedrez en Madrid"]
[Source "lmi"]
[SourceDate "2023.02.06"]
[SourceVersion "1"]
[SourceVersionDate "2023.03.03"]
[SourceQuality "1"]

1. e4 d5 2. exd5 Nf6 3. Nf3 Nxd5 4. d4 c6 5. c4 Nf6 6. Nc3 Bg4 7. Be2 e6 8. Be3
Be7 9. Qb3 Qb6 10. O-O Qxb3 11. axb3 a6 12. h3 Bf5 13. Ne1 O-O 14. g4 Bg6 15.
Nd3 Bxd3 16. Bxd3 Nbd7 17. f4 h6 18. Rf2 Nh7 19. Rg2 g5 20. Kf2 f5 21. gxf5
exf5 22. Rag1 Kh8 23. fxg5 f4 24. Bd2 Bxg5 25. Kf3 Ndf6 26. d5 cxd5 27. Nxd5
Nxd5 28. cxd5 Rad8 29. Bc3+ Bf6 30. Bc4 b5 31. Bxf6+ Rxf6 32. Bd3 Ng5+ 33. Kg4
Rg8 34. Bf1 f3 35. Rg3 Ne4+ 36. Kh4 Nxg3 37. Rxg3 Rxg3 38. Kxg3 Rd6 39. Kxf3
Rxd5 40. Ke3 Re5+ 41. Kd4 Rf5 42. Be2 Rf2 43. Bg4 Rxb2 44. Be6 Rc2 45. Kd3 Rc7
46. Kd4 Kg7 47. Ke5 Rc1 48. Kd4 Kf6 49. Bg4 a5 0-1

[Event "Madrid 2022-2023 ch - Previa A"]
[Site "Madrid ESP"]
[Date "2023.02.15"]
[Round "6.22"]
[White "Lopez Del Moral Lopez de, Rafael"]
[Black "Fernandez Rios, Jose Francisco"]
[Result "0-1"]
[WhiteElo "1480"]
[BlackElo "1680"]
[PlyCount "86"]
[EventDate "2023.02.06"]
[EventType "swiss"]
[EventRounds "9"]
[EventCountry "ESP"]
[SourceTitle "Ajedrez en Madrid"]
[Source "lmi"]
[SourceDate "2023.02.06"]
[SourceVersion "1"]
[SourceVersionDate "2023.03.03"]
[SourceQuality "1"]

1. d4 Nf6 2. Nf3 e6 3. e3 c5 4. c3 d5 5. Nbd2 b6 6. Be2 Bb7 7. O-O Bd6 8. Ne5
Nc6 9. Ndf3 Qc7 10. Nxc6 Bxc6 11. Bd3 O-O 12. Re1 Ne4 13. Bd2 f5 14. Rc1 Rf6
15. c4 Rg6 16. Ne5 Bxe5 17. dxe5 Nxd2 18. Qxd2 dxc4 19. Bf1 Qxe5 20. Qe2 Qe4
21. f3 Qxf3 22. Qxf3 Bxf3 23. Rxc4 Rd8 24. Rc2 Be4 25. Rf2 Rf6 26. g3 Rf7 27.
Bc4 Bd5 28. Rd2 Rfd7 29. Red1 Kf8 30. Bb5 Rd6 31. a3 Ke7 32. Bf1 Bb3 33. Rxd6
Rxd6 34. Rd3 c4 35. Rd4 Rxd4 36. exd4 Kd6 37. Kf2 b5 38. Bg2 Bc2 39. Ke3 g5 40.
h4 h6 41. Bf3 a5 42. Bb7 b4 43. Bf3 c3 0-1

[Event "Madrid 2022-2023 ch - Previa A"]
[Site "Madrid ESP"]
[Date "2023.02.15"]
[Round "6.23"]
[White "Gonzalez Bolado, David"]
[Black "Cujba, Anca-Claudia"]
[Result "0-1"]
[WhiteElo "1313"]
[BlackElo "1669"]
[PlyCount "124"]
[EventDate "2023.02.06"]
[EventType "swiss"]
[EventRounds "9"]
[EventCountry "ESP"]
[SourceTitle "Ajedrez en Madrid"]
[Source "lmi"]
[SourceDate "2023.02.06"]
[SourceVersion "1"]
[SourceVersionDate "2023.03.03"]
[SourceQuality "1"]

1. e4 b6 2. d4 Bb7 3. Nc3 e6 4. Nf3 Nf6 5. Bd3 Bb4 6. Bg5 h6 7. Bxf6 gxf6 8.
O-O Nc6 9. Ne2 Bd6 10. a3 a5 11. c4 a4 12. Nc3 e5 13. d5 Nd4 14. Nb5 Nxb5 15.
cxb5 Ra5 16. Rc1 Bc5 17. Qe2 d6 18. Nh4 Bc8 19. Nf5 Bxf5 20. exf5 Kd7 21. Rc4
Qa8 22. Qe4 h5 23. h3 Rg8 24. Bc2 Bd4 25. Rb4 Rg5 26. Qf3 Ke7 27. Re1 Bc5 28.
Rc4 Rxb5 29. Rxa4 Ra5 30. Rxa5 bxa5 31. a4 Qb8 32. b3 Qb4 33. Re4 Qd2 34. Re2
Qd4 35. Qd3 Qxd3 36. Bxd3 Rg3 37. Bc2 Rc3 38. Kf1 Kd7 39. f3 h4 40. Ke1 c6 41.
Kd2 Bb4 42. Re3 Rxb3+ 43. Ke2 Rb2 44. Kd1 cxd5 45. Rb3 Rxb3 46. Bxb3 Kc6 47.
Ke2 d4 48. Kd3 d5 49. Bc2 Kc7 50. Bb3 Kd6 51. Bc2 Be1 52. Ke2 Bg3 53. Kd3 Kc5
54. Bd1 Kb4 55. Bc2 Ka3 56. Bd1 Kb2 57. Bc2 e4+ 58. fxe4 dxe4+ 59. Kxe4 Kxc2
60. Kxd4 Kb3 61. Kc5 Kxa4 62. Kc4 Be1 0-1

[Event "Madrid 2022-2023 ch - Previa A"]
[Site "Madrid ESP"]
[Date "2023.02.15"]
[Round "6.24"]
[White "Balsera Gomez, Antonio"]
[Black "Morales Clares, Aaron"]
[Result "1-0"]
[WhiteElo "1663"]
[BlackElo "1324"]
[PlyCount "45"]
[EventDate "2023.02.06"]
[EventType "swiss"]
[EventRounds "9"]
[EventCountry "ESP"]
[SourceTitle "Ajedrez en Madrid"]
[Source "lmi"]
[SourceDate "2023.02.06"]
[SourceVersion "1"]
[SourceVersionDate "2023.03.03"]
[SourceQuality "1"]

1. d4 d5 2. Nf3 Nf6 3. e3 Bg4 4. h3 Bh5 5. g4 Bg6 6. Ne5 Be4 7. f3 Bg6 8. h4 h6
9. Nxg6 fxg6 10. Qd3 Qd6 11. Qxg6+ Kd8 12. f4 e6 13. Nc3 Ng8 14. Bd2 Ne7 15.
Qd3 b6 16. O-O-O c5 17. e4 a6 18. Bg2 b5 19. dxc5 Qxc5 20. exd5 exd5 21. Nxd5
Nxd5 22. Bxd5 Ra7 23. Be3 1-0

[Event "Madrid 2022-2023 ch - Previa A"]
[Site "Madrid ESP"]
[Date "2023.02.15"]
[Round "6.25"]
[White "Casal Martin, Jose Manuel"]
[Black "Camarero Izquierdo, Juan Carlos"]
[Result "0-1"]
[WhiteElo "1430"]
[BlackElo "1651"]
[PlyCount "72"]
[EventDate "2023.02.06"]
[EventType "swiss"]
[EventRounds "9"]
[EventCountry "ESP"]
[SourceTitle "Ajedrez en Madrid"]
[Source "lmi"]
[SourceDate "2023.02.06"]
[SourceVersion "1"]
[SourceVersionDate "2023.03.03"]
[SourceQuality "1"]

1. e4 c5 2. c3 d6 3. d4 Nf6 4. Bd3 Nc6 5. d5 Ne5 6. Bc2 e6 7. Nf3 exd5 8. Nxe5
dxe5 9. Bg5 d4 10. Ba4+ Bd7 11. Bxd7+ Qxd7 12. Bxf6 gxf6 13. Qh5 Qb5 14. Qe2 d3
15. Na3 Qa6 16. Qd2 c4 17. Nb1 h5 18. O-O Bh6 19. Qd1 O-O-O 20. Nd2 Bxd2 21.
Qxd2 h4 22. f4 Rhg8 23. fxe5 fxe5 24. Rxf7 Rg4 25. Re1 Qg6 26. Rff1 Rxe4 27.
Rxe4 Qxe4 28. b3 cxb3 29. axb3 Qd5 30. c4 Qd4+ 31. Rf2 Rf8 32. Kf1 Qa1+ 33. Qe1
Rxf2+ 34. Kxf2 Qb2+ 35. Ke3 Qd4+ 36. Kd2 e4 0-1

[Event "Madrid 2022-2023 ch - Previa A"]
[Site "Madrid ESP"]
[Date "2023.02.15"]
[Round "6.28"]
[White "Barahona Torrijos, Angel"]
[Black "Calle Trueba, Jose Antonio"]
[Result "1-0"]
[WhiteElo "1761"]
[BlackElo "1335"]
[PlyCount "83"]
[EventDate "2023.02.06"]
[EventType "swiss"]
[EventRounds "9"]
[EventCountry "ESP"]
[SourceTitle "Ajedrez en Madrid"]
[Source "lmi"]
[SourceDate "2023.02.06"]
[SourceVersion "1"]
[SourceVersionDate "2023.03.03"]
[SourceQuality "1"]

1. e4 e6 2. d4 d5 3. Nc3 Nc6 4. e5 h5 5. Nf3 Be7 6. h4 f6 7. exf6 Bxf6 8. Bf4
a6 9. Bd3 Nge7 10. Ne2 Nb4 11. Ne5 Nxd3+ 12. Qxd3 Bxe5 13. Bxe5 Nf5 14. Ng3 Qe7
15. Nxf5 exf5 16. O-O-O Be6 17. Qg3 O-O-O 18. Rde1 Rhg8 19. Bxc7 Qxc7 20. Qxc7+
Kxc7 21. Rxe6 g5 22. hxg5 Rxg5 23. g3 Rd6 24. Re5 Kc6 25. Kd2 Rh6 26. Rh4 Kd6
27. b3 b5 28. a3 Re6 29. Rxe6+ Kxe6 30. Kd3 a5 31. c4 bxc4+ 32. bxc4 dxc4+ 33.
Kxc4 Kd6 34. Rf4 Kc6 35. d5+ Kd6 36. a4 Ke5 37. Rh4 Kd6 38. f4 Rxg3 39. Rxh5
Rg1 40. Rxf5 Rc1+ 41. Kb5 Rc5+ 42. Kb6 1-0

[Event "Madrid 2022-2023 ch - Previa A"]
[Site "Madrid ESP"]
[Date "2023.02.15"]
[Round "6.30"]
[White "Ramos Antona, Enrique"]
[Black "Soofi Alizadeh, Arash"]
[Result "1-0"]
[WhiteElo "1565"]
[BlackElo "1161"]
[PlyCount "113"]
[EventDate "2023.02.06"]
[EventType "swiss"]
[EventRounds "9"]
[EventCountry "ESP"]
[SourceTitle "Ajedrez en Madrid"]
[Source "lmi"]
[SourceDate "2023.02.06"]
[SourceVersion "1"]
[SourceVersionDate "2023.03.03"]
[SourceQuality "1"]

1. d4 Nf6 2. c4 g6 3. g3 Bg7 4. Bg2 O-O 5. Nc3 d6 6. Nf3 Nbd7 7. O-O e5 8. h3
h6 9. e4 c5 10. dxc5 dxc5 11. Qc2 Qc7 12. Be3 a6 13. Rfd1 b6 14. Rac1 Bb7 15.
a3 Rfe8 16. Ne1 Rad8 17. Nd5 Qb8 18. Qd2 Kh7 19. b4 Bc6 20. Qc3 Nf8 21. bxc5
bxc5 22. Bxc5 Ne6 23. Rb1 Qa8 24. Be3 Nd7 25. Nd3 Nd4 26. Rd2 Qa7 27. Qa5 Rb8
28. Rdb2 Rxb2 29. Rxb2 Rb8 30. Rxb8 Qxb8 31. Qb4 Bf8 32. Qxb8 Nxb8 33. Nxe5 Nc2
34. Nxc6 Nxc6 35. a4 Nxe3 36. fxe3 Ne5 37. Bf1 Kg7 38. Be2 Bc5 39. Kf2 f6 40.
Nc7 Kf7 41. Nxa6 Nd7 42. Nxc5 Nxc5 43. a5 Nxe4+ 44. Ke1 Nc5 45. Kd1 Ke7 46. Kc2
Kd6 47. Bf3 Kc7 48. Kc3 Kd6 49. Kb4 Na6+ 50. Kb5 Nc7+ 51. Kb6 Ne6 52. a6 Nc7
53. a7 f5 54. a8=Q Nxa8+ 55. Bxa8 h5 56. c5+ Ke5 57. Bg2 1-0

[Event "Madrid 2022-2023 ch - Previa A"]
[Site "Madrid ESP"]
[Date "2023.02.15"]
[Round "6.32"]
[White "Lopez Manso, Jeronimo"]
[Black "Carrera Cabaneros, Francisco"]
[Result "0-1"]
[WhiteElo "1422"]
[BlackElo "1757"]
[PlyCount "27"]
[EventDate "2023.02.06"]
[EventType "swiss"]
[EventRounds "9"]
[EventCountry "ESP"]
[SourceTitle "Ajedrez en Madrid"]
[Source "lmi"]
[SourceDate "2023.02.06"]
[SourceVersion "1"]
[SourceVersionDate "2023.03.03"]
[SourceQuality "1"]

1. f4 d5 2. Nf3 c5 3. e3 Nf6 4. b3 Nc6 5. Bb5 Bd7 6. O-O e6 7. c4 a6 8. Bxc6
Bxc6 9. Ne5 Qc7 10. g4 Bd6 11. Bb2 h6 12. g5 hxg5 13. fxg5 Bxe5 14. Bxe5 0-1

[Event "Madrid 2022-2023 ch - Previa A"]
[Site "Madrid ESP"]
[Date "2023.02.15"]
[Round "6.33"]
[White "Hortelano Hap, Ramon"]
[Black "Gomez Prieto, Alonso"]
[Result "1-0"]
[WhiteElo "1544"]
[BlackElo "1308"]
[PlyCount "41"]
[EventDate "2023.02.06"]
[EventType "swiss"]
[EventRounds "9"]
[EventCountry "ESP"]
[SourceTitle "Ajedrez en Madrid"]
[Source "lmi"]
[SourceDate "2023.02.06"]
[SourceVersion "1"]
[SourceVersionDate "2023.03.03"]
[SourceQuality "1"]

1. c4 e5 2. g3 Nc6 3. Bg2 Bc5 4. Nc3 Nf6 5. d3 Ng4 6. e3 d6 7. Nge2 O-O 8. O-O
Bd7 9. d4 exd4 10. exd4 Bb6 11. Nd5 Nf6 12. Bg5 h6 13. Nxf6+ gxf6 14. Bxh6 Re8
15. h3 Qc8 16. Kh2 Kh7 17. Be3 Rh8 18. Nf4 Ne7 19. Nh5 Kg6 20. Be4+ f5 21. Qg4+
1-0

[Event "Madrid 2022-2023 ch - Previa A"]
[Site "Madrid ESP"]
[Date "2023.02.15"]
[Round "6.34"]
[White "De la Villa Ramos, Maria"]
[Black "Menendez Domens, Juan Manuel"]
[Result "0-1"]
[WhiteElo "1421"]
[BlackElo "1440"]
[PlyCount "122"]
[EventDate "2023.02.06"]
[EventType "swiss"]
[EventRounds "9"]
[EventCountry "ESP"]
[SourceTitle "Ajedrez en Madrid"]
[Source "lmi"]
[SourceDate "2023.02.06"]
[SourceVersion "1"]
[SourceVersionDate "2023.03.03"]
[SourceQuality "1"]

1. e4 e5 2. Nf3 Nc6 3. Bb5 d6 4. d4 a6 5. Bxc6+ bxc6 6. dxe5 Qe7 7. O-O dxe5 8.
h3 h6 9. b3 Qd6 10. Bb2 Qxd1 11. Rxd1 f6 12. Na3 Bb7 13. Nc4 c5 14. Re1 O-O-O
15. Nh4 Ne7 16. Nf5 Nc6 17. Nfe3 g6 18. c3 Nb8 19. f3 Rg8 20. Rad1 Rd7 21. Nd5
Bg7 22. Ba3 Bxd5 23. exd5 Rgd8 24. d6 Kb7 25. Bxc5 Bf8 26. Na5+ Kc8 27. Ba7
Rxd6 28. Rxd6 Rxd6 29. f4 Rd2 30. fxe5 Rxa2 31. exf6 Bd6 32. Bxb8 Rxa5 33. Re8+
Kb7 34. g4 Ra1+ 35. Kg2 Ra2+ 36. Kf3 Rc2 37. f7 Rxc3+ 38. Ke4 Rxb3 39. f8=Q
Bxf8 40. Rxf8 Rxh3 41. Bxc7 Kxc7 42. Rf7+ Kd8 43. Ra7 Ra3 44. Ke5 Ra4 45. Rh7
h5 46. gxh5 gxh5 47. Kd6 Rd4+ 48. Kc5 Rh4 49. Kb6 Rb4+ 50. Kxa6 h4 51. Ka5 Rg4
52. Kb6 Ke8 53. Kc6 Kf8 54. Kd5 Kg8 55. Rh5 Kg7 56. Ke5 Kg6 57. Rh8 Ra4 58. Ke6
Kg5 59. Rg8+ Kf4 60. Rf8+ Kg3 61. Rh8 h3 0-1

[Event "Madrid 2022-2023 ch - Previa A"]
[Site "Madrid ESP"]
[Date "2023.02.15"]
[Round "6.35"]
[White "Cobos Ramos, Antonio"]
[Black "Reina Cascos, Antonio"]
[Result "0-1"]
[WhiteElo "1163"]
[BlackElo "1179"]
[PlyCount "89"]
[EventDate "2023.02.06"]
[EventType "swiss"]
[EventRounds "9"]
[EventCountry "ESP"]
[SourceTitle "Ajedrez en Madrid"]
[Source "lmi"]
[SourceDate "2023.02.06"]
[SourceVersion "1"]
[SourceVersionDate "2023.03.03"]
[SourceQuality "1"]

1. e4 e6 2. d4 d5 3. e5 c5 4. Bb5+ Bd7 5. Bxd7+ Qxd7 6. c3 Nc6 7. Nf3 Qd8 8.
O-O Qb6 9. a3 Nge7 10. b4 cxd4 11. cxd4 Nf5 12. Bb2 Be7 13. Qd3 O-O 14. h3 Rac8
15. Rd1 f6 16. Bc1 fxe5 17. dxe5 Nh4 18. Be3 Nxf3+ 19. gxf3 Qd8 20. Kh1 Rxf3
21. Kh2 Nxe5 22. Qd4 Bd6 23. Kg2 Qe8 24. Rg1 Qh5 25. Kf1 Qxh3+ 26. Ke1 Rc4 27.
Qxa7 Nd3+ 28. Kd2 Nxf2 29. Qa8+ Rf8 30. Qxb7 Ne4+ 31. Kd3 Rc7 32. Qb6 Rcf7 33.
Nd2 Nxd2 34. Kxd2 Qh2+ 35. Kd3 Rf3 36. Rh1 Qe5 37. Rae1 Qf5+ 38. Kd2 Bf4 39.
Re2 Bxe3+ 40. Rxe3 Rf2+ 41. Re2 Rxe2+ 42. Kxe2 Qc2+ 43. Ke1 Qc1+ 44. Ke2 Qxh1
45. Qxe6+ 0-1

[Event "Madrid 2022-2023 ch - Previa A"]
[Site "Madrid ESP"]
[Date "2023.02.21"]
[Round "8.1"]
[White "Garcia Fernandez, Jesus"]
[Black "Martin Rodriguez, Emilio"]
[Result "1/2-1/2"]
[WhiteElo "1910"]
[BlackElo "1979"]
[PlyCount "104"]
[EventDate "2023.02.06"]
[EventType "swiss"]
[EventRounds "9"]
[EventCountry "ESP"]
[SourceTitle "Ajedrez en Madrid"]
[Source "lmi"]
[SourceDate "2023.02.06"]
[SourceVersion "1"]
[SourceVersionDate "2023.03.03"]
[SourceQuality "1"]

1. d4 d5 2. c4 c6 3. Nf3 Nf6 4. Qc2 g6 5. Bf4 Bg7 6. e3 O-O 7. h3 Na6 8. Nc3
Bf5 9. Qb3 Qb6 10. Be2 Nb4 11. O-O Nc2 12. Rac1 Qxb3 13. axb3 Nb4 14. Rfd1 Bc2
15. Rd2 Bxb3 16. c5 Rfc8 17. Bd1 Bxd1 18. Rdxd1 Nd7 19. Ra1 b5 20. Ra5 f6 21.
Bg3 e5 22. Rda1 a6 23. Na2 Nxa2 24. R5xa2 Kf7 25. Rxa6 Rxa6 26. Rxa6 Ke6 27. b4
Bf8 28. dxe5 fxe5 29. Ng5+ Kf5 30. Nxh7 Bh6 31. Ra7 Ke6 32. Bh4 e4 33. Bg5 Bg7
34. Bf4 Bf6 35. Rxd7 Kxd7 36. Nxf6+ Ke6 37. Ng4 Ra8 38. Bc7 Ra1+ 39. Kh2 Rb1
40. Ba5 Rb3 41. g3 d4 42. exd4 Kd5 43. Ne5 Rb2 44. Kg1 Rb1+ 45. Kg2 g5 46. Nf7
Rb2 47. Kg1 Rb1+ 48. Kg2 Rb2 49. Kf1 Rb1+ 50. Ke2 Rb2+ 51. Kf1 Rb1+ 52. Kg2 Rb2
1/2-1/2

[Event "Madrid 2022-2023 ch - Previa A"]
[Site "Madrid ESP"]
[Date "2023.02.21"]
[Round "8.3"]
[White "Ruiz Bellon, Manuel"]
[Black "Alvarez Abejon, Amilcar"]
[Result "1-0"]
[WhiteElo "1950"]
[BlackElo "1863"]
[PlyCount "67"]
[EventDate "2023.02.06"]
[EventType "swiss"]
[EventRounds "9"]
[EventCountry "ESP"]
[SourceTitle "Ajedrez en Madrid"]
[Source "lmi"]
[SourceDate "2023.02.06"]
[SourceVersion "1"]
[SourceVersionDate "2023.03.03"]
[SourceQuality "1"]

1. e4 e5 2. Nf3 Nc6 3. Bb5 a6 4. Bxc6 dxc6 5. O-O Bg4 6. d3 Qf6 7. Nbd2 g5 8.
c3 Ne7 9. Nc4 Bxf3 10. Qxf3 Qxf3 11. gxf3 f6 12. d4 Ng6 13. Kh1 h6 14. Be3
O-O-O 15. a4 Bd6 16. b4 Rhf8 17. b5 axb5 18. axb5 cxb5 19. Nxd6+ cxd6 20. Rfb1
Rd7 21. d5 Kd8 22. Rxb5 Ke7 23. c4 Rc8 24. c5 dxc5 25. Bxc5+ Ke8 26. Rab1 Rdc7
27. Be3 Rb8 28. Kg2 Nf4+ 29. Bxf4 gxf4 30. Rb6 Kf7 31. R1b5 Kg6 32. Re6 Rf8 33.
Rbb6 Rd7 34. Rxe5 1-0

[Event "Madrid 2022-2023 ch - Previa A"]
[Site "Madrid ESP"]
[Date "2023.02.21"]
[Round "8.5"]
[White "Moreno Torrero, Javier"]
[Black "Sprenger de la Iglesia, Yevgeni"]
[Result "1/2-1/2"]
[WhiteElo "1889"]
[BlackElo "1823"]
[PlyCount "40"]
[EventDate "2023.02.06"]
[EventType "swiss"]
[EventRounds "9"]
[EventCountry "ESP"]
[SourceTitle "Ajedrez en Madrid"]
[Source "lmi"]
[SourceDate "2023.02.06"]
[SourceVersion "1"]
[SourceVersionDate "2023.03.03"]
[SourceQuality "1"]

1. e4 e6 2. d3 d5 3. Nd2 Nf6 4. Ngf3 c5 5. g3 Be7 6. Bg2 b6 7. O-O Bb7 8. e5
Nfd7 9. c3 Nc6 10. Re1 Qc7 11. Qe2 O-O-O 12. Nf1 h6 13. Bd2 g5 14. h3 Rdg8 15.
Rac1 Kb8 16. b4 Nd8 17. bxc5 Nxc5 18. Nd4 Qd7 19. Nb3 Ba6 20. Nxc5 Bxc5 1/2-1/2

[Event "Madrid 2022-2023 ch - Previa A"]
[Site "Madrid ESP"]
[Date "2023.02.21"]
[Round "8.6"]
[White "Vukotic Jovsic, Dragan"]
[Black "Marin Aso, Jose Luis"]
[Result "1/2-1/2"]
[WhiteElo "1746"]
[BlackElo "1865"]
[PlyCount "26"]
[EventDate "2023.02.06"]
[EventType "swiss"]
[EventRounds "9"]
[EventCountry "ESP"]
[SourceTitle "Ajedrez en Madrid"]
[Source "lmi"]
[SourceDate "2023.02.06"]
[SourceVersion "1"]
[SourceVersionDate "2023.03.03"]
[SourceQuality "1"]

1. d4 Nf6 2. Nf3 g6 3. Bf4 c5 4. c3 Qb6 5. Qd2 Bg7 6. h3 O-O 7. e3 Ne4 8. Qc2
d5 9. Nbd2 cxd4 10. exd4 Nxd2 11. Qxd2 Nd7 12. Bd3 Nf6 13. O-O-O Bd7 1/2-1/2

[Event "Madrid 2022-2023 ch - Previa A"]
[Site "Madrid ESP"]
[Date "2023.02.21"]
[Round "8.7"]
[White "Rodriguez Garcia, Jose Maria"]
[Black "Blazquez Sanz, Oscar"]
[Result "0-1"]
[WhiteElo "1977"]
[BlackElo "1886"]
[PlyCount "60"]
[EventDate "2023.02.06"]
[EventType "swiss"]
[EventRounds "9"]
[EventCountry "ESP"]
[SourceTitle "Ajedrez en Madrid"]
[Source "lmi"]
[SourceDate "2023.02.06"]
[SourceVersion "1"]
[SourceVersionDate "2023.03.03"]
[SourceQuality "1"]

1. d4 Nf6 2. Nf3 g6 3. Bg5 Bg7 4. Nbd2 d6 5. e4 c5 6. dxc5 dxc5 7. c3 Nc6 8.
Bc4 h6 9. Bxf6 Bxf6 10. Qe2 O-O 11. Qe3 Na5 12. Be2 Qb6 13. Rb1 Be6 14. c4 Bg7
15. O-O Rfd8 16. b3 Nc6 17. a3 Bg4 18. h3 Bxf3 19. Nxf3 Nd4 20. Nxd4 Rxd4 21.
b4 Qe6 22. e5 Bxe5 23. bxc5 Re4 24. Qxe4 Bh2+ 25. Kxh2 Qxe4 26. Bf3 Qe5+ 27.
Kg1 Qxc5 28. Rxb7 Qxa3 29. Rd1 a5 30. g3 Qxf3 0-1

[Event "Madrid 2022-2023 ch - Previa A"]
[Site "Madrid ESP"]
[Date "2023.02.21"]
[Round "8.8"]
[White "Sotoca Aguado, Jose"]
[Black "Fernandez Garcia, Ignacio"]
[Result "0-1"]
[WhiteElo "1790"]
[BlackElo "1824"]
[PlyCount "114"]
[EventDate "2023.02.06"]
[EventType "swiss"]
[EventRounds "9"]
[EventCountry "ESP"]
[SourceTitle "Ajedrez en Madrid"]
[Source "lmi"]
[SourceDate "2023.02.06"]
[SourceVersion "1"]
[SourceVersionDate "2023.03.03"]
[SourceQuality "1"]

1. e4 d6 2. d4 Nf6 3. Nc3 g6 4. f4 Bg7 5. Nf3 Bg4 6. Be2 c6 7. O-O O-O 8. h3
Bd7 9. Kh2 d5 10. e5 Ne4 11. Nxe4 dxe4 12. Ng5 Bf5 13. g4 h6 14. gxf5 gxf5 15.
Nxf7 Kxf7 16. Bc4+ Ke8 17. Be3 Kd7 18. Rg1 Bh8 19. Rg6 Kc7 20. d5 cxd5 21. Bxd5
Nc6 22. Bxc6 Qxd1 23. Rxd1 bxc6 24. Rd4 Rfe8 25. Rc4 e6 26. Rxh6 Bg7 27. Rg6
Bf8 28. b4 a6 29. Rf6 Rad8 30. Rf7+ Re7 31. Rxe7+ Bxe7 32. a4 Rd5 33. c3 Rd3
34. Bf2 e3 35. Bxe3 Rxe3 36. b5 axb5 37. axb5 c5 38. Ra4 Bh4 39. Ra6 Rxc3 40.
Rxe6 Bg3+ 41. Kg2 Bxf4 42. Rc6+ Kd7 43. Rf6 Bxe5 44. Rxf5 Ke6 45. Rf1 Rg3+ 46.
Kf2 Rxh3 47. Rb1 Rh2+ 48. Ke3 Rb2 49. Rh1 Rxb5 50. Rh7 Kd5 51. Rd7+ Bd6 52. Kd3
c4+ 53. Kc3 Rb3+ 54. Kc2 Rh3 55. Rd8 Kc5 56. Re8 Kb4 57. Re2 Rh2 0-1

[Event "Madrid 2022-2023 ch - Previa A"]
[Site "Madrid ESP"]
[Date "2023.02.21"]
[Round "8.9"]
[White "Galarreta Santana, Javier"]
[Black "Marcos Herrero, Francisco"]
[Result "0-1"]
[WhiteElo "1739"]
[BlackElo "1855"]
[PlyCount "96"]
[EventDate "2023.02.06"]
[EventType "swiss"]
[EventRounds "9"]
[EventCountry "ESP"]
[SourceTitle "Ajedrez en Madrid"]
[Source "lmi"]
[SourceDate "2023.02.06"]
[SourceVersion "1"]
[SourceVersionDate "2023.03.03"]
[SourceQuality "1"]

1. e4 c6 2. d4 d5 3. f3 dxe4 4. fxe4 e5 5. Nf3 Bg4 6. Bc4 Bh5 7. c3 Nf6 8. Bg5
Be7 9. Nbd2 Nbd7 10. Qe2 h6 11. Bh4 g5 12. Bg3 exd4 13. cxd4 Qb6 14. h3 O-O 15.
O-O Rae8 16. Bd3 c5 17. Nc4 Qb4 18. Be1 Qa4 19. b3 Qc6 20. d5 Qc7 21. g4 Bg6
22. Kg2 Nxd5 23. exd5 Bf6 24. Qc2 Bxd3 25. Qxd3 Bxa1 26. Bg3 Be5 27. Ncxe5 Nxe5
28. Nxe5 Rxe5 29. Rf6 Rfe8 30. Rxh6 Re2+ 31. Bf2 Qf4 32. Qf3 Rd2 33. Qxf4 gxf4
34. Kf3 Rxd5 35. Rf6 b6 36. Rxf4 Rd2 37. b4 cxb4 38. Rxb4 Rxa2 39. Bd4 Ra3+ 40.
Kf4 Rxh3 41. Bf6 Kh7 42. Rc4 Kg6 43. Bd4 Re6 44. Rc7 a5 45. Rb7 Ra3 46. Rb8 f6
47. Rg8+ Kf7 48. Rh8 Ra4 0-1

[Event "Madrid 2022-2023 ch - Previa A"]
[Site "Madrid ESP"]
[Date "2023.02.21"]
[Round "8.10"]
[White "Lopez Heras, Arturo"]
[Black "Marin Lopez, Jeronimo"]
[Result "1/2-1/2"]
[WhiteElo "1701"]
[BlackElo "1875"]
[PlyCount "90"]
[EventDate "2023.02.06"]
[EventType "swiss"]
[EventRounds "9"]
[EventCountry "ESP"]
[SourceTitle "Ajedrez en Madrid"]
[Source "lmi"]
[SourceDate "2023.02.06"]
[SourceVersion "1"]
[SourceVersionDate "2023.03.03"]
[SourceQuality "1"]

1. e4 d6 2. d4 Nf6 3. Nc3 e5 4. Nf3 Nbd7 5. Bc4 Be7 6. O-O O-O 7. h3 c6 8. a4
Qc7 9. Bb3 h6 10. Be3 Re8 11. dxe5 dxe5 12. Qe2 Nc5 13. Bxc5 Bxc5 14. Qc4 b6
15. Qe2 Nh5 16. Nh4 Nf4 17. Qf3 Qe7 18. Nf5 Qg5 19. Kh1 Bxf5 20. exf5 Qxf5 21.
Ne4 Bf8 22. Rad1 Rad8 23. Rxd8 Rxd8 24. Ng3 Qf6 25. Ne4 Qe7 26. Ng3 Rd6 27. Nf5
Qf6 28. Nxd6 Qxd6 29. Rd1 Qc7 30. Qg4 h5 31. Qd7 Qxd7 32. Rxd7 Bc5 33. Rxf7 Kh7
34. f3 a5 35. Rc7 h4 36. Bc4 Kh6 37. Rxc6+ Kg5 38. Rc8 Nh5 39. Rc7 e4 40. fxe4
Ng3+ 41. Kh2 Nf1+ 42. Bxf1 Bd6+ 43. Kg1 Bxc7 44. Kf2 Kf4 45. Bd3 Bd6 1/2-1/2